000
00274nam a2200097Ia 4500
082
_a
920 TROV
245
0
_a
The whipping boy : 2008-2011
100
_a
Trovato, Ben Johannesburg, South Africa, 2011
_9
42583
942
_c
BK
008
210817s9999 xx 000 0 und d
999
_c
144571
_d
144570